Statistics for Sarah Wayne Callies Filmography

Click here to take the quiz!

General Stats

  • This quiz has been taken 5 times
    (2 since last reset)
  • The average score is 11 of 40

Answer Stats

TypeYearName% Correct
TV Show2003Queens Supreme
100%
Film2011Black Gold
50%
Film2012Black November
50%
TV Show2016-2018Colony
50%
Film2011Faces in the Crowd
50%
TV Show2010House
50%
TV Show2003Law & Order: Special Victims Unit
50%
Film2010Lullaby for Pi
50%
Film2015Pay the Ghost
50%
TV Show2005-2009, 2017Prison Break
50%
TV Film2009Prison Break: The Final Break
50%
TV Show2017Robot Chicken
50%
TV Show2012, 2017, 2022Talking Dead
50%
TV Show2003Tarzan
50%
Film2006The Celestine Prophecy
50%
TV Mini-Series2017The Long Road Home
50%
Film2016The Other Side of the Door
50%
Film2017The Show
50%
TV Show2010-2013, 2018The Walking Dead
50%
Film2007Whisper
50%
Podcast2021Aftershock
0%
Film2008Bittersweet
0%
TV Show2020Council of Dads
0%
TV Show2003Dragnet
0%
Director2022Family Law
0%
Director2019Fear the Walking Dead
0%
Director2023Fire Country
0%
Director2023Firefly Lane
0%
Film2011Foreverland
0%
Film2014Into the Storm
0%
TV Show2018-2022Letterkenny
0%
TV Show2005NUMB3RS
0%
Documentary2014Rise of the Wahine
0%
TV Pilot2010Tangled
0%
TV Show2023The Company You Keep
0%
Director2020, 2021The Good Doctor
0%
Theater2013The Guardsman
0%
TV Pilot2004The Secret Service
0%
TV Mini-Series2019Unspeakable
0%
FilmTBAValara
0%

Score Distribution

Percentile by Number Answered

Percent of People with Each Score

Your Score History

You have not taken this quiz since the last reset